[Event "Muensterland Verbandsliga 1819"]
[Site "Germany"]
[Date "2018.12.15"]
[Round "5.6"]
[White "Kuhlenbaeumer, Alfred"]
[Black "Winzenhoerlein, Thomas"]
[Result "1/2-1/2"]
[WhiteElo "1842"]
[BlackElo "1793"]
[PlyCount "100"]
[EventDate "2018.09.01"]
[EventType "team-tourn"]
[EventRounds "9"]
[EventCountry "GER"]
[SourceTitle "EXT 2020"]
[Source "ChessBase"]
[SourceDate "2019.10.17"]
[SourceVersion "1"]
[SourceVersionDate "2019.10.17"]
[SourceQuality "1"]
[WhiteTeam "Telgte"]
[BlackTeam "Heiden"]
[WhiteTeamCountry "GER"]
[BlackTeamCountry "GER"]

1. e4 d5 2. e5 c5 3. Bb5+ Bd7 4. Bxd7+ Nxd7 5. f4 e6 6. Nf3 Ne7 7. 0-0 Nc6 8. d3 Be7 9. Nc3 0-0 10. Qe2 a6 11. b3 Qc7 12. Kh1 b5 13. a4 Nd4 14. Qf2 Nxf3 15. Qxf3 b4 16. Nd1 f5 17. Ne3 Kh8 18. Bd2 Rg8 19. Rg1 Raf8 20. Raf1 g5 21. g3 g4 22. Qg2 h5 23. h4 Rc8 24. Rc1 Rgd8 25. Rgd1 Nb6 26. Kh2 a5 27. Qe2 Qb7 28. Be1 Rc6 29. Bd2 Rdc8 30. Qf1 Kg7 31. Qe2 Qd7 32. Qf1 Qe8 33. Qe2 R6c7 34. Qe1 c4 35. dxc4 dxc4 36. Qe2 cxb3 37. cxb3 Rxc1 38. Rxc1 Rxc1 39. Bxc1 Qc6 40. Bb2 Qe4 41. Qd2 Bc5 42. Bc1 Bxe3 43. Qxe3 Qxe3 44. Bxe3 Nd5 45. Bd2 Kf7 46. Kg2 Ke7 47. Kf2 Kd7 48. Ke2 Kc6 49. Kd3 Kc5 50. Be1 Kc6 1/2-1/2

[Event "Muensterland Verbandsliga 1617"]
[Site "Germany"]
[Date "2017.05.06"]
[Round "9.6"]
[White "Fehlings, Gerd"]
[Black "Kuhlenbaeumer, Alfred"]
[Result "1/2-1/2"]
[WhiteElo "1753"]
[BlackElo "1885"]
[PlyCount "77"]
[EventDate "2016.09.10"]
[EventType "team"]
[EventRounds "9"]
[EventCountry "GER"]
[SourceTitle "EXT 2018"]
[Source "ChessBase"]
[SourceDate "2017.10.13"]
[SourceVersion "1"]
[SourceVersionDate "2017.10.13"]
[SourceQuality "1"]
[WhiteTeam "Emsdetten Rochade II"]
[BlackTeam "Telgte"]
[WhiteTeamCountry "GER"]
[BlackTeamCountry "GER"]

1. Nf3 Nf6 2. d4 e6 3. g3 b6 4. Bg2 Bb7 5. 0-0 Be7 6. c4 0-0 7. Nc3 Ne4 8. Nxe4 Bxe4 9. Ne1 Bxg2 10. Nxg2 c5 11. dxc5 Bxc5 12. Be3 Qc7 13. a3 a5 14. Qd2 Na6 15. Rfd1 Rfd8 16. Qc3 Rac8 17. Rac1 Qc6 18. Bxc5 Qxc5 19. Qe3 Qc6 20. Nf4 d6 21. Rc3 Qc5 22. Qd2 Nc7 23. e4 Qe5 24. Qe3 b5 25. Ne2 bxc4 26. f4 Qb5 27. Nd4 Qc5 28. b4 axb4 29. axb4 Qxb4 30. Nc6 Qa4 31. Rdc1 Qxc6 32. Rxc4 Qb7 33. Qc3 Rd7 34. Rb4 Qa7+ 35. Kg2 Rcd8 36. Ra1 Qc5 37. Rc4 Qb6 38. Rb4 Qc5 39. Rc4 1/2-1/2

[Event "Muensterland Regionalliga 1516"]
[Site "Germany"]
[Date "2016.01.09"]
[Round "5.6"]
[White "Kuhlenbaeumer, Alfred"]
[Black "Rothkegel, Juergen"]
[Result "1-0"]
[WhiteElo "1854"]
[BlackElo "1866"]
[PlyCount "59"]
[EventDate "2015.09.05"]
[EventType "team"]
[EventRounds "9"]
[EventCountry "GER"]
[SourceTitle "EXT 2017"]
[Source "ChessBase"]
[SourceDate "2016.10.25"]
[SourceVersion "1"]
[SourceVersionDate "2016.10.25"]
[SourceQuality "1"]
[WhiteTeam "Telgte"]
[BlackTeam "Gronau"]
[WhiteTeamCountry "GER"]
[BlackTeamCountry "GER"]

1. e4 e5 2. Nf3 Nc6 3. Bb5 a6 4. Ba4 Nf6 5. 0-0 Be7 6. Re1 b5 7. Bb3 d6 8. c3 Na5 9. Bc2 c5 10. d4 Qc7 11. h3 0-0 12. Nbd2 Bd7 13. Nf1 Rfc8 14. Ne3 Bf8 15. Qe2 Re8 16. dxe5 dxe5 17. Rd1 g6 18. Nd5 Nxd5 19. exd5 Qd6 20. Ng5 f5 21. a4 c4 22. Be3 Nb7 23. b4 cxb3 24. Bxb3 Nc5 25. Bxc5 Qxc5 26. d6+ Kg7 27. Bf7 Red8 28. Bd5 e4 29. Qb2 h6 30. c4+ 1-0

[Event "Muensterland Verbandsliga 1314"]
[Site "Germany"]
[Date "2013.10.05"]
[Round "2.6"]
[White "Weskamp, Matthias"]
[Black "Kuhlenbaeumer, Alfred"]
[Result "1/2-1/2"]
[WhiteElo "1701"]
[BlackElo "1793"]
[PlyCount "73"]
[EventDate "2013.09.07"]
[EventType "team-tourn"]
[EventRounds "9"]
[EventCountry "GER"]
[SourceTitle "EXT 2015"]
[Source "ChessBase"]
[SourceDate "2014.11.20"]
[SourceVersion "1"]
[SourceVersionDate "2014.11.20"]
[SourceQuality "1"]
[WhiteTeam "Ostbevern Westbevern"]
[BlackTeam "Telgte"]
[WhiteTeamCountry "GER"]
[BlackTeamCountry "GER"]

1. e4 c6 2. d4 d5 3. exd5 cxd5 4. Bd3 Nc6 5. c3 Nf6 6. Bg5 Qc7 7. Nd2 Bg4 8. Ngf3 e6 9. Bh4 Be7 10. 0-0 Bh5 11. Qe2 Bg6 12. Rae1 Bh5 13. Bg3 Qb6 14. Rb1 0-0 15. Kh1 Rfe8 16. Qe1 Bg6 17. Bxg6 hxg6 18. Ne5 Qa6 19. a3 Nxe5 20. dxe5 Nh5 21. f4 Nxg3+ 22. Qxg3 Red8 23. Nb3 Rac8 24. Nd4 Bc5 25. Rfd1 Bxd4 26. Rxd4 Rc4 27. Qd3 Qb6 28. Qd2 Rdc8 29. Rxc4 Rxc4 30. Rf1 Re4 31. g3 Qb5 32. Rf2 Qc4 33. h4 d4 34. cxd4 Qd5 35. Kh2 Rxd4 36. Qc2 Rd1 37. Rg2 1/2-1/2

[Event "Muensterland Verbandsklasse-A 1112"]
[Site "Germany"]
[Date "2011.10.08"]
[Round "2.6"]
[White "Kuhlenbaeumer, Alfred"]
[Black "Mager, Helmut"]
[Result "1-0"]
[WhiteElo "1837"]
[BlackElo "1492"]
[PlyCount "133"]
[EventDate "2011.09.17"]
[EventType "team-tourn"]
[EventRounds "9"]
[EventCountry "GER"]
[SourceTitle "EXT 2013"]
[Source "ChessBase"]
[SourceDate "2012.11.22"]
[SourceVersion "1"]
[SourceVersionDate "2012.11.22"]
[SourceQuality "1"]
[WhiteTeam "Telgte"]
[BlackTeam "Bocholt II"]
[WhiteTeamCountry "GER"]
[BlackTeamCountry "GER"]

1. e4 c6 2. d4 d5 3. e5 Bf5 4. Nc3 e6 5. g4 Bg6 6. h4 h5 7. Bg5 Be7 8. Nh3 hxg4 9. Qxg4 Bxc2 10. Bxe7 Nxe7 11. Qxg7 Rg8 12. Qh6 Nf5 13. Qd2 Be4 14. Nxe4 dxe4 15. 0-0-0 Qxh4 16. Be2 Nd7 17. Qa5 Qd8 18. Qb4 Qb6 19. Qc3 0-0-0 20. d5 Qc5 21. dxe6 Qxc3+ 22. bxc3 Nxe5 23. exf7 Nxf7 24. Bc4 N5h6 25. Nf4 Rxd1+ 26. Rxd1 b5 27. Be6+ Kb8 28. Re1 Re8 29. Rxe4 Ng5 30. Re3 Nxe6 31. Rxe6 Rxe6 32. Nxe6 Kc8 33. Kd2 Kd7 34. Nd4 Kd6 35. Ke3 a6 36. Ke4 Nf7 37. f4 c5 38. Nb3 Nd8 39. Na5 c4 40. f5 Nf7 41. Kd4 Nd8 42. a3 Nf7 43. Nb7+ Kc6 44. Nc5 a5 45. Ne4 Nd8 46. Ke5 Nf7+ 47. Ke6 Nd8+ 48. Ke7 Kc7 49. f6 Nc6+ 50. Ke6 Nd8+ 51. Kd5 Kb6 52. Nd6 Ka6 53. Ne4 Kb6 54. Kd6 Nf7+ 55. Ke7 Ne5 56. Ke6 Ng6 57. f7 Kc6 58. Nd2 Nf8+ 59. Ke7 Ng6+ 60. Kf6 Nf8 61. Nf3 Kd6 62. Nd4 Nd7+ 63. Kf5 Kc5 64. Ke6 Nf8+ 65. Ke7 Ng6+ 66. Kf6 Nf8 67. Ne6+ 1-0

[Event "Muensterland Verbandsklasse-B 1011"]
[Site "Germany"]
[Date "2011.02.19"]
[Round "7.5"]
[White "Dietrich, Johannes"]
[Black "Kuhlenbaeumer, Alfred"]
[Result "0-1"]
[WhiteElo "1797"]
[BlackElo "1852"]
[PlyCount "32"]
[EventDate "2010.09.18"]
[EventType "team-tourn"]
[EventRounds "9"]
[EventCountry "GER"]
[SourceTitle "EXT 2012"]
[Source "ChessBase"]
[SourceDate "2011.11.24"]
[SourceVersion "1"]
[SourceVersionDate "2011.11.24"]
[SourceQuality "1"]
[WhiteTeam "Muenster SK IV"]
[BlackTeam "Telgte"]
[WhiteTeamCountry "GER"]
[BlackTeamCountry "GER"]

1. Nf3 Nf6 2. c4 b6 3. g3 Bb7 4. Bg2 e6 5. 0-0 Be7 6. Nc3 0-0 7. d4 Ne4 8. Bd2 f5 9. d5 Bf6 10. Rc1 Nxd2 11. Qxd2 e5 12. d6 e4 13. Nd4 cxd6 14. Nxf5 Bxc3 15. Nh6+ gxh6 16. Rxc3 Rf6 0-1